01533cam a22003131 450000100060000000300080000600500170001400800410003103500190007204000380009104100080012908200130013710000430015024500580019326000470025130000330029849000630033150000600039450001640045450400320061865000340065071101120068483000550079683000680085194200120091999900170093195201340094895201370108210443BD-RjUL20211208234944.0140123s1958 ctua b 000 0 eng d a(BD-RjUL)10491 aDLC/ICUcICUdDLCd(BD-RjUL)beng aeng00a546bSET1 aSeaborg, Glenn Theodore,d1912-93082504aThe transuranium elements /cSeaborg, Glenn Theodore, aNew Haven :bYale University Press,c1958. axx, 328 p. :bill. ;c24 cm.1 aYale University. Mrs. Hepsa Ely Silliman memorial lectures aAddison-Wesley books in nuclear science and metallurgy. a"The Geneva presentation volumes presented by the U.S.A. at the Second International Conference on the Peaceful Uses of Atomic Energy, Geneva, September 1958." aBibliography: p. [301]-302. 0aTransuranium elements.9322472 aInternational Conference on the Peaceful Uses of Atomic Energyn(2nd :d1958 :cGeneva, Switzerland)932267 0aMrs. Hepsa Ely Silliman memorial lectures.9205502 0aAddison-Wesley books in nuclear science and metallurgy.9165246 2ddccBK c10443d10443 00102ddc40708NFICaRUCLbRUCLcStackd1963-06-28eZeitlingerg0.00l0o546 SET 1958r2014-01-23 00:00:00tC-4w2014-01-23yBK 00102ddc40718NFICaRUCLbRUCLcReadingd1963-02-13eZeitlingerg53.00l0o546 SET 1958r2017-05-14 00:00:00tC-1w2017-05-14yBK